| 000 | 01144nmm a2200325 a 4500 | ||
|---|---|---|---|
| 001 | ocm0002015776 | ||
| 003 | TR-IsHL | ||
| 005 | 20201028180740.0 | ||
| 008 | 181220s2014 tu tur | ||
| 007 | cr cn | ||
| 020 | _a9786053847304 | ||
| 035 |
_a2015776 _b(N$T) |
||
| 050 | 0 | 4 |
_aPZ73.C35 _bD5319 2014 |
| 090 | 0 | 4 |
_aPZ73.C35 _bD5319 2014 |
| 100 | 1 | _aCammany, Anna | |
| 245 | 1 | 0 |
_aÜşütük kızın günlüğü: yeni bir hayat _h[electronic resource] / _cAnna Cammany ; çeviri A. Arzu Şensoy ; illüstrasyonlar Álex López ; editör Tanıl Yaşar |
| 250 | _a1. bs. | ||
| 260 |
_aİstanbul : _bYakamoz Kitap, _c2014 |
||
| 300 | _a286 p. | ||
| 500 | _aÖzgün adı : Diario de una friki | ||
| 650 | 4 | _aDil ve Edebiyat | |
| 650 | 4 | _aLanguage and Literature | |
| 650 | 0 | _aİspanyol Çocuk öykleri | |
| 650 | 0 | _aSpanish Children's stories | |
| 650 | 7 |
_aLITERARY COLLECTIONS / European / Spanish & Portuguese _2bisacsh |
|
| 700 | 1 | _aŞensoy, A. Arzu | |
| 700 | 1 | _aLópez, Álex | |
| 700 | 1 | _aYaşar, Tanıl | |
| 856 | 4 | 0 | _uhttp://search.ebscohost.com/login.aspx?direct=true&scope=site&db=e011xww&AN=2015776 |
| 999 |
_c19287 _d19287 |
||